CMOS logic circuit design/ (Record no. 583)
[ view plain ]
| 000 -LEADER | |
|---|---|
| Fixed length control field | 00455nam a2200169 4500 |
| 003 - CONTROL NUMBER IDENTIFIER | |
| Control field | SEACOMEC |
| 005 - DATE AND TIME OF LATEST TRANSACTION | |
| Control field | 20241123115254.0 |
| 008 - FIXED-LENGTH DATA ELEMENTS--GENERAL INFORMATION | |
| Fixed length control field | 240205b |||||||| |||| 00| 0 eng d |
| 020 ## - INTERNATIONAL STANDARD BOOK NUMBER / ISBN | |
| Price | Rs.595.00 |
| International Standard Book Number | 9780792384526 |
| 040 ## - CATALOGING SOURCE | |
| Original cataloging agency | SEACOMEC |
| 082 ## - DEWEY DECIMAL CLASSIFICATION NUMBER | |
| Classification number | 621.345 |
| Book Number | U97 |
| 100 ## - MAIN ENTRY--PERSONAL NAME | |
| Personal name | Uyemura, John P. |
| 245 1# - TITLE STATEMENT | |
| Title | CMOS logic circuit design/ |
| Statement of responsibility | John P. Uyemera |
| 260 ## - IMPRINT | |
| Place of publication | New Delhi |
| Name of publisher | Springer |
| Date of publication | 2005 |
| 650 ## - SUBJECT ADDED ENTRY--TOPICAL TERM | |
| Topical term | Technology,Magnetic engineering |
| 942 ## - ADDED ENTRY ELEMENTS (KOHA) | |
| Koha item type | Books |
| Withdrawn status | Lost status | Source of classification | Damaged status | Not for loan | Home library | Current library | Date acquired | Total Checkouts | Call number | Accession number | Date last seen | Price effective from | Koha item type | Copy number |
|---|---|---|---|---|---|---|---|---|---|---|---|---|---|---|
| Dewey Decimal Classification | SEACOM ENGINEERING COLLEGE | SEACOM ENGINEERING COLLEGE | 06/06/2006 | 621.345 U97 | 02154 | 23/08/2024 | 23/08/2024 | Reference Books | ||||||
| Dewey Decimal Classification | SEACOM ENGINEERING COLLEGE | SEACOM ENGINEERING COLLEGE | 06/06/2006 | 621.345 U97 | 02155 | 23/08/2024 | 23/08/2024 | Books | 1 | |||||
| Dewey Decimal Classification | SEACOM ENGINEERING COLLEGE | SEACOM ENGINEERING COLLEGE | 06/06/2006 | 621.345 U97 | 02156 | 23/08/2024 | 23/08/2024 | Books | 2 | |||||
| Dewey Decimal Classification | SEACOM ENGINEERING COLLEGE | SEACOM ENGINEERING COLLEGE | 06/06/2006 | 621.345 U97 | 02157 | 23/08/2024 | 23/08/2024 | Books | 3 | |||||
| Dewey Decimal Classification | SEACOM ENGINEERING COLLEGE | SEACOM ENGINEERING COLLEGE | 06/06/2006 | 621.345 U97 | 02158 | 23/08/2024 | 23/08/2024 | Books | 4 | |||||
| Dewey Decimal Classification | SEACOM ENGINEERING COLLEGE | SEACOM ENGINEERING COLLEGE | 02/08/2007 | 621.345 U97 | 7784 | 23/08/2024 | 23/08/2024 | Books | 5 | |||||
| Dewey Decimal Classification | SEACOM ENGINEERING COLLEGE | SEACOM ENGINEERING COLLEGE | 02/08/2007 | 621.345 U97 | 7785 | 23/08/2024 | 23/08/2024 | Books | 6 |
